000 00259 a2200109 4500
001 119699
040 _cEscola Canadense de Niteroi
245 1 0 _aPalavrinhas mágicas [Banner]
650 4 _aPalavrinhas Mágicas
650 4 _aLíngua Portuguesa
942 _cMATP
999 _c119699
_d119699